| 000 | 01425cad a22002535a 4500 | ||
|---|---|---|---|
| 001 | L148143 | ||
| 008 | 090804e20090730xxk f s 000 0 eng d | ||
| 020 | _a9781409817604 | ||
| 035 | _a(Sirsi) u148143 | ||
| 041 | 0 | _aeng | |
| 050 | 0 | 4 | _a333.33 $2 18 |
| 110 | 1 |
_aUnited Kingdom _bDepartment for Communities and Local Government _94939 |
|
| 245 | 0 | 0 |
_aLand use change statistics (England) 2008 _bprovisional estimates (July 2009) _h[electronic resource] |
| 260 |
_aLondon _bDCLG _c2009 |
||
| 490 | 0 |
_aDCLG Planning Statistical Release _vJuly 2009 |
|
| 520 | _aIn 2008, on a provisional estimate 79% of dwellings (including conversions) were built on previously-developed land, compared to 77% in 2007. This represents an increase of 1% from the provisional estimate published in May 2009. Since 1997, the proportion of dwellings built on previously-developed land has increased by 23%. London has the highest proportion of dwellings built on previous developed land, a total of 95%. The East of England has the smallest in proportion with 67%. | ||
| 521 | 2 | _aAdvanced | |
| 590 | _aKA | ||
| 651 | 4 |
_aUnited Kingdom _y |
|
| 690 | _aPROPERTY-PROPERTY ACQUISITION AND DISPOSAL | ||
| 710 | 1 |
_aUnited Kingdom _bNational Statistics Authority _95552 |
|
| 856 | 4 | 0 |
_uhttps://www.communities.gov.uk/publications/corporate/statistics/lucs2008provisionaljuly _zView the item free of charge at www.communities.gov.uk... |
| 942 | _n0 | ||
| 999 |
_c109910 _d109910 |
||